000 00879nam a2200229 a 4500
001 000016266
005 20200929164338.0
008 100302s1983 dr 000 0 spa d
040 _aDO-SdBNP
_bspa
_cBNPHU
082 _a306.43
_bD337p
100 1 _aDeláncer, Víctor Hugo
_936330
245 1 0 _aPlaneamiento, educación y política :
_benfoques para una sociología de la educación dominicana /
_cVíctor Hugo Deláncer.
260 _aSanto Domingo :
_bTaller,
_c1983.
300 _a145 p. ;
_c22 cm.
500 _aIncluye notas al pie de las páginas
504 _aIncluye referencias bibliográficas ( p. 139-142)
650 4 _aEducación-república dominicana-planificación
_936331
650 4 _aEducación
_xAspectos sociales
_936332
650 4 _aEducación
_zRepública Dominicana
_xPlanificación
_936333
650 4 _aEducación y desarrollo
_931141
049 _aBNPD
999 _c15803
_d15803